Faculty of Law Library — Cairo University

Official Online Catalog

Decisions of the United Nations Organs in the Judgments and Opinions of the International Court of Justice / (Record no. 50748)

MARC details
000 -LEADER
fixed length control field 01160nam a22003257i 4500
003 - CONTROL NUMBER IDENTIFIER
control field EG-GICUC
005 - DATE AND TIME OF LATEST TRANSACTION
control field 20260121101508.0
008 - FIXED-LENGTH DATA ELEMENTS--GENERAL INFORMATION
fixed length control field 251216s1969 pl ||||fr|||| 001 0 eng d
040 ## - CATALOGING SOURCE
Original cataloging agency EG-GiCUC
Language of cataloging eng
Transcribing agency EG-GiCUC
Modifying agency EG-GiCUC
Description conventions rda
041 ## - LANGUAGE CODE
Language code of text/sound track or separate title eng
082 04 - DEWEY DECIMAL CLASSIFICATION NUMBER
Edition number 21
Classification number 341.23
Item number BA . D
092 04 - LOCALLY ASSIGNED DEWEY CALL NUMBER (OCLC)
Edition number 21
099 ## - LOCAL FREE-TEXT CALL NUMBER (OCLC)
Classification number Law1 11 341.23 BA . D 1969
100 1# - MAIN ENTRY--PERSONAL NAME
Personal name Basak, Adam
Relator term Author.
245 10 - TITLE STATEMENT
Title Decisions of the United Nations Organs in the Judgments and Opinions of the International Court of Justice /
Statement of responsibility, etc. Adam Basak.
264 #1 - PRODUCTION, PUBLICATION, DISTRIBUTION, MANUFACTURE, AND COPYRIGHT NOTICE
Place of production, publication, distribution, manufacture Wrocław :
Name of producer, publisher, distributor, manufacturer Wrocławskiego Towarzystwa Naukowego,
Date of production, publication, distribution, manufacture, or copyright notice 1969.
300 ## - PHYSICAL DESCRIPTION
Extent 223 pages ;
Dimensions 24 cm.
336 ## - CONTENT TYPE
Source rda content
Content type term text
337 ## - MEDIA TYPE
Source rda media
Media type term Computer
338 ## - CARRIER TYPE
Source rda carrier
Carrier type term Online Resource
490 0# - SERIES STATEMENT
Series statement Prace Wrocławskiego Towarzystwa Naukowego ;
Volume/sequential designation Seria A, Nr 138.
504 ## - BIBLIOGRAPHY, ETC. NOTE
Bibliography, etc. note Include Bibliography And Bibliographic references
546 ## - LANGUAGE NOTE
Language note Text in English
650 14 - SUBJECT ADDED ENTRY--TOPICAL TERM
Topical term or geographic name entry element United Nations
Source of heading or term qrmak
650 14 - SUBJECT ADDED ENTRY--TOPICAL TERM
Topical term or geographic name entry element International Court of Justice
General subdivision Public international law
651 1# - SUBJECT ADDED ENTRY--GEOGRAPHIC NAME
Source of heading or term qrmak
856 40 - ELECTRONIC LOCATION AND ACCESS
Uniform Resource Identifier <a href="https://fll.law.cu.edu.eg/fulltext/bks/B11-05337.pdf">https://fll.law.cu.edu.eg/fulltext/bks/B11-05337.pdf</a>
905 ## - Cataloger and Reviser Names
Cataloger Name: Rawan khaled
942 ## - ADDED ENTRY ELEMENTS (KOHA)
Source of classification or shelving scheme Dewey Decimal Classification
Koha item type Books
Edition 21
Suppress in OPAC No
Holdings
Withdrawn status Lost status Source of classification or shelving scheme Damaged status Not for loan Collection Home library Current library Date acquired Total checkouts Full call number Barcode Date last seen Copy number Price effective from Koha item type
    Dewey Decimal Classification   Not for loan القانون الدولي العام جــــامعة القــاهرة مكتبة كلية الحقوق - المبنى الرئيسي 16.12.2025   Law1 11 341.23 BA . D 1969 1105337 C1 B11-05337 16.12.2025 1 16.12.2025 Books

© All rights reserved — Faculty of Law, Cairo University